00863cam a22002651 4500001001300000003000400013005001700017008004100034010001700075035002000092040003700112050002000149050002000169110004100189245004300230260004400273300001800317490004800335500001900383500005700402500006100459650002000520830004000540999001700580e 18000412 DLC20260227111208.0960605s1918 dcu f000 0 eng c ae 18000412  a(OCoLC)34878212 aU.S. Bur. of EducationcMoUdDLC00aTX7b.U63 no. 200aTX173b.A5 19181 aUnited States.bBureau of Education.10aCurrent problems in home economics ... a[Washington,bGovt. Print. Off.,c1918] a11 p.c23 cm.1 aHome economics circularvno. 2, Jan.1, 1918 aCaption title. aAt head of title: ... Department of the Interior ... aThis circular replaces Home economics letters nos. 4-13. 0aHome economics. 0aCurrent problems in home economics. c20197d20197